00910nam a22002057a 4500003000900000008004100009040007100050082001700121100002700138245007300165260005300238300004000291505025400331650001900585650001400604650001400618650001300632650001600645710004300661AR-CdUCM190301b ||||| |||| 00| 0 spa d aMUNICIPALIDAD PROVINCIAL DEL CUSCOcBIBLIOTECA MUNICIPAL DEL CUSCO a868.6 /bT11 aTaboada Teran, Nestor  aRequerimiento al Rey de España :bDibujos de Waman Poma de Ayala / aBolivia :bEdiciones Casa de La Cultura ;c1992. a95 páginas bilustraciones c21cm aAquel encuentro de dos mundos (relato) -- Ya no está el cadalso en la Plaza Regocijos -- Requerimiento al Rey en siete instancias, sobre el dogma de cinco siglos -- Contrato del clérigo Hernando de Luque con Francisco Pizarro y Diego de Almagro  aRequerimiento  aContrato  aConquista aPizarro  aAtahuallpa  aAlcaldía Municipal La Paz - Bolivia